[Event "Hanoi op"]
[Site "Hanoi"]
[Date "2022.08.26"]
[Round "6"]
[White "Pham, Huy Duc"]
[Black "Pham, Viet Thien Phuoc"]
[Result "1-0"]
[WhiteElo "1356"]
[BlackElo "1319"]
[PlyCount "72"]
[EventDate "2022.08.20"]
[EventType "swiss"]
[EventRounds "9"]
[EventCountry "VIE"]
[SourceTitle "CBM 209 Extra"]
[Source "ChessBase"]
[SourceDate "2022.09.30"]
[SourceVersion "1"]
[SourceVersionDate "2022.09.30"]
[SourceQuality "1"]

1. e4 c5 2. Nf3 a6 3. d4 cxd4 4. Nxd4 Nf6 5. Nc3 d6 6. a4 e5 7. Nb3 Be6 8. Be3 Be7 9. Qd2 0-0 10. f4 Qc7 11. f5 Bd7 12. Be2 Bc6 13. Bf3 Nbd7 14. g4 Rfd8 15. g5 Ne8 16. 0-0 Nb6 17. Qd3 Nd7 18. Nd5 Bxd5 19. exd5 Rdc8 20. f6 gxf6 21. Be4 Qc4 22. Bxh7+ Kg7 23. Qf5 Nf8 24. gxf6+ Nxf6 25. Qg5+ Kxh7 26. Qh6+ Kg8 27. Rxf6 Bxf6 28. Qxf6 Qg4+ 29. Kf2 Rxc2+ 30. Nd2 Qg7 31. Rg1 Ng6 32. Qf5 Rac8 33. h4 Kh8 34. Bg5 Ne7 35. Qf3 f5 36. Qh5+ Qh7 1-0

[Event "Hanoi op"]
[Site "Hanoi"]
[Date "2022.08.25"]
[Round "5"]
[White "Pham, Viet Thien Phuoc"]
[Black "Vo, Hoai Thuong"]
[Result "1/2-1/2"]
[WhiteElo "1319"]
[BlackElo "1993"]
[PlyCount "80"]
[EventDate "2022.08.20"]
[EventType "swiss"]
[EventRounds "9"]
[EventCountry "VIE"]
[SourceTitle "CBM 209 Extra"]
[Source "ChessBase"]
[SourceDate "2022.09.30"]
[SourceVersion "1"]
[SourceVersionDate "2022.09.30"]
[SourceQuality "1"]

1. e4 c6 2. d4 d5 3. e5 Bf5 4. h4 h5 5. Bd3 Bxd3 6. Qxd3 Qa5+ 7. Nc3 e6 8. Nf3 Qa6 9. Qe2 Ne7 10. Bd2 Nf5 11. 0-0 Be7 12. g3 Qxe2 13. Nxe2 Na6 14. b3 c5 15. c3 0-0 16. Kg2 Rfc8 17. Rac1 cxd4 18. Nexd4 Nxd4 19. Nxd4 Nc5 20. f4 g6 21. c4 Nd3 22. Rc3 dxc4 23. Rxc4 Rxc4 24. bxc4 Rc8 25. Rf3 Nc5 26. Bb4 a6 27. Nb3 Kf8 28. Nxc5 Bxc5 29. Rb3 Bxb4 30. Rxb4 Rc7 31. Kf3 Ke7 32. Ke3 Kd7 33. Rb6 Rxc4 34. Rxb7+ Rc7 35. Rxc7+ Kxc7 36. Kd4 Kb6 37. Kc4 Kc6 38. a4 a5 39. Kd4 Kb6 40. Kc4 Kc6 1/2-1/2

[Event "Hanoi op"]
[Site "Hanoi"]
[Date "2022.08.23"]
[Round "3"]
[White "Pham, Viet Thien Phuoc"]
[Black "Duong, Thuong Cong"]
[Result "0-1"]
[WhiteElo "1319"]
[BlackElo "1952"]
[PlyCount "112"]
[EventDate "2022.08.20"]
[EventType "swiss"]
[EventRounds "9"]
[EventCountry "VIE"]
[SourceTitle "CBM 209 Extra"]
[Source "ChessBase"]
[SourceDate "2022.09.30"]
[SourceVersion "1"]
[SourceVersionDate "2022.09.30"]
[SourceQuality "1"]

1. e4 d6 2. d4 Nf6 3. Nc3 Nbd7 4. Be3 e5 5. f3 Be7 6. Qd2 c6 7. 0-0-0 b5 8. g4 b4 9. Nce2 Qa5 10. Kb1 Nb6 11. Nc1 Be6 12. Nh3 Na4 13. d5 cxd5 14. Nb3 Qc7 15. Bb5+ Bd7 16. Qxb4 Nc5 17. g5 Rb8 18. Bxd7+ Nfxd7 19. Qa5 Qxa5 20. Nxa5 Rb5 21. Nb3 d4 22. Bc1 Nxb3 23. axb3 Nc5 24. Nf2 Kd7 25. Nd3 Rc8 26. Rhe1 Rc6 27. f4 Nxd3 28. Rxd3 exf4 29. Rxd4 Bxg5 30. e5 Bh4 31. Red1 Rxe5 32. Bxf4 Re1 33. Rxe1 Bxe1 34. Re4 Bf2 35. Bd2 f6 36. c4 Rc8 37. Bc3 h5 38. Rf4 Be3 39. Rh4 Rh8 40. Kc2 Bg5 41. Rd4 Be3 42. Re4 Bg1 43. Re2 Bb6 44. Re4 Rh6 45. Kd3 g5 46. Re2 f5 47. Bd2 Rg6 48. b4 g4 49. Bf4 h4 50. Rc2 g3 51. hxg3 hxg3 52. Rg2 Rg4 53. Bd2 Bf2 54. b3 Re4 55. Bc3 Re3+ 56. Kd2 Rxc3 0-1

[Event "Eastern Asia-ch U12"]
[Site "Tornelo INT"]
[Date "2021.10.31"]
[Round "8"]
[White "Aarush, Rajesh"]
[Black "Pham, Viet Thien Phuoc"]
[Result "0-1"]
[WhiteElo "1264"]
[BlackElo "1451"]
[PlyCount "90"]
[EventDate "2021.10.29"]
[EventType "swiss"]
[EventRounds "9"]
[EventCountry "NET"]
[SourceTitle "EXT 2023"]
[Source "ChessBase"]
[SourceDate "2022.10.05"]
[SourceVersion "1"]
[SourceVersionDate "2022.10.05"]
[SourceQuality "1"]

1. d4 Nf6 2. c4 e6 3. Nc3 d5 4. cxd5 exd5 5. Bg5 Nbd7 6. Qc2 Be7 7. e3 0-0 8. Bd3 h6 9. Bh4 c5 10. dxc5 Nxc5 11. Nf3 Nxd3+ 12. Qxd3 Be6 13. 0-0 Qd7 14. Rad1 Rfd8 15. Nd4 a6 16. a4 Rac8 17. Rd2 Ng4 18. Bxe7 Ne5 19. Qe2 Qxe7 20. Nxe6 fxe6 21. Rd4 Nc6 22. Rg4 e5 23. Rd1 Qf7 24. Qf3 Qxf3 25. gxf3 d4 26. exd4 exd4 27. Ne4 Ne5 28. Rg3 Rc2 29. Rd2 Rc1+ 30. Kg2 Nc4 31. Rd3 Rc2 32. Nf6+ Kf7 33. Ng4 h5 34. Rb3 hxg4 35. Rxb7+ Kf6 36. fxg4 Ne5 37. g5+ Kg6 38. h4 d3 39. h5+ Kf5 40. Rb8 Rxb8 41. h6 d2 42. hxg7 d1Q 43. g8Q Rxf2+ 44. Kxf2 Rxb2+ 45. Ke3 Qd3# 0-1

[Event "Eastern Asia-ch U12"]
[Site "Tornelo INT"]
[Date "2021.10.29"]
[Round "2"]
[White "Akula, Pranay"]
[Black "Pham, Viet Thien Phuoc"]
[Result "0-1"]
[WhiteElo "1206"]
[BlackElo "1451"]
[PlyCount "106"]
[EventDate "2021.10.29"]
[EventType "swiss"]
[EventRounds "9"]
[EventCountry "NET"]
[SourceTitle "EXT 2023"]
[Source "ChessBase"]
[SourceDate "2022.10.05"]
[SourceVersion "1"]
[SourceVersionDate "2022.10.05"]
[SourceQuality "1"]

1. e4 c5 2. Nf3 d6 3. Bb5+ Bd7 4. Bxd7+ Qxd7 5. 0-0 Nf6 6. Re1 Nc6 7. c3 e6 8. d4 cxd4 9. cxd4 Be7 10. Nc3 0-0 11. Bf4 a6 12. a3 Rfd8 13. Rc1 Rac8 14. b4 b5 15. Qe2 Qa7 16. Be3 d5 17. e5 Nd7 18. Qd3 h6 19. Nd2 Nb6 20. f4 Nc4 21. Bf2 Bf8 22. Ne2 a5 23. Nc3 Qb6 24. Nxc4 bxc4 25. bxa5 cxd3 26. axb6 d2 27. a4 Na5 28. Red1 dxc1Q 29. Rxc1 Bb4 30. Be1 Nb3 31. Rb1 Bxc3 32. b7 Bxd4+ 33. Kf1 Rb8 34. Rxb3 Rd7 35. Rb4 Bc5 36. Rb5 Bf8 37. a5 Rdxb7 38. Rxb7 Rxb7 39. a6 Ra7 40. Ba5 Rxa6 41. Bc7 Rc6 42. Bd8 d4 43. Ke2 Rc3 44. Ba5 Re3+ 45. Kd2 Bc5 46. g3 d3 47. Bc7 Rf3 48. Bb8 Bb4+ 49. Kc1 d2+ 50. Kd1 Rf1+ 51. Ke2 d1Q+ 52. Ke3 Rf3+ 53. Ke4 Qd5# 0-1

[Event "VIE-ch U09"]
[Site "Hai Phong"]
[Date "2018.07.12"]
[Round "8"]
[White "Pham, Viet Thien Phuoc"]
[Black "Phan, Tran Bao Khang"]
[Result "1-0"]
[WhiteElo "1964"]
[BlackElo "1926"]
[PlyCount "65"]
[EventDate "2018.07.07"]
[EventType "swiss"]
[EventRounds "9"]
[EventCountry "VIE"]
[SourceTitle "EXT 2019"]
[Source "ChessBase"]
[SourceDate "2018.10.10"]
[SourceVersion "1"]
[SourceVersionDate "2018.10.10"]
[SourceQuality "1"]

1. d4 d5 2. c4 c6 3. Nc3 Nf6 4. cxd5 cxd5 5. Bf4 Nc6 6. e3 a6 7. Bd3 e6 8. Nge2 Be7 9. 0-0 0-0 10. Rc1 Bd7 11. Qd2 Rc8 12. Rfd1 Nb4 13. Bb1 Qb6 14. a3 Nc6 15. e4 dxe4 16. Nxe4 Nd5 17. Bg3 Na5 18. Rxc8 Rxc8 19. b4 Nc4 20. Qa2 Bb5 21. N2c3 Nxc3 22. Nxc3 Bd7 23. d5 Nxa3 24. Qxa3 Bxb4 25. Na4 Bxa4 26. Qxa4 exd5 27. Qd7 Rc3 28. Be5 Rb3 29. Ba2 Ra3 30. Bxd5 Qg6 31. Rc1 b5 32. Rc8+ Bf8 33. Rxf8+ 1-0

[Event "VIE-chT"]
[Site "Ho Chi Minh City"]
[Date "2017.07.28"]
[Round "8.44"]
[White "Pham, Viet Thien Phuoc"]
[Black "Hoang, Viet"]
[Result "0-1"]
[WhiteElo "2004"]
[BlackElo "1993"]
[PlyCount "100"]
[EventDate "2017.07.24"]
[EventType "team-swiss"]
[EventRounds "9"]
[EventCountry "VIE"]
[SourceTitle "EXT 2019"]
[Source "ChessBase"]
[SourceDate "2018.10.10"]
[SourceVersion "1"]
[SourceVersionDate "2018.10.10"]
[SourceQuality "1"]

1. e4 c5 2. Nf3 d6 3. d4 cxd4 4. Nxd4 Nf6 5. Nc3 a6 6. Be2 e5 7. Nb3 Be7 8. 0-0 Be6 9. f4 Nc6 10. f5 Bd7 11. Kh1 b5 12. a3 Nb8 13. Qe1 Bc6 14. Bf3 Nbd7 15. Qg3 0-0 16. Bh6 Ne8 17. Rac1 Kh8 18. Be3 Ndf6 19. Rfd1 a5 20. Nd5 Nxd5 21. exd5 Bd7 22. Be4 Nf6 23. Qf3 Nxe4 24. Qxe4 Bg5 25. Bxg5 Qxg5 26. Rf1 Rfc8 27. Qf3 Rc4 28. f6 g6 29. Qf2 a4 30. Nd2 Rf4 31. Qe1 Qxf6 32. Ne4 Rxf1+ 33. Qxf1 Qe7 34. Qf6+ Qxf6 35. Nxf6 Be8 36. Rf1 Kg7 37. Ne4 f5 38. Nxd6 Rd8 39. Nxe8+ Rxe8 40. Kg1 Rd8 41. Rd1 Kf6 42. Kf2 e4 43. Ke3 Ke5 44. d6 f4+ 45. Ke2 Rxd6 46. Rf1 g5 47. h3 h5 48. Re1 e3 49. Kf3 Rd2 50. Rc1 Rf2# 0-1

[Event "VIE-chT"]
[Site "Ho Chi Minh City"]
[Date "2017.07.27"]
[Round "6.50"]
[White "Pham, Viet Thien Phuoc"]
[Black "Nguyen, Minh Dat"]
[Result "1/2-1/2"]
[WhiteElo "2004"]
[BlackElo "2028"]
[PlyCount "112"]
[EventDate "2017.07.24"]
[EventType "team-swiss"]
[EventRounds "9"]
[EventCountry "VIE"]
[SourceTitle "EXT 2019"]
[Source "ChessBase"]
[SourceDate "2018.10.10"]
[SourceVersion "1"]
[SourceVersionDate "2018.10.10"]
[SourceQuality "1"]

1. e4 c5 2. Nf3 d6 3. d4 cxd4 4. Nxd4 Nf6 5. Nc3 a6 6. Be2 e6 7. f4 Be7 8. 0-0 0-0 9. Kh1 Nc6 10. Bf3 e5 11. Nxc6 bxc6 12. fxe5 dxe5 13. Qe1 Qb6 14. Qg3 Kh8 15. Qxe5 Re8 16. Qg3 Be6 17. Qf2 Bc5 18. Qh4 Bc4 19. Rd1 Bf2 20. Qf4 Be6 21. e5 Ng8 22. Bxc6 Qxc6 23. Qxf2 Bh3 24. Bf4 Bg4 25. Rd6 Qc4 26. Qd4 Qxd4 27. Rxd4 Ne7 28. Bg5 Bf5 29. Rf1 Bg6 30. Bxe7 Rxe7 31. Re1 Bxc2 32. Nd5 Rd7 33. Rc4 Rxd5 34. Rxc2 h6 35. h3 Kg8 36. Kg1 Re8 37. Rce2 h5 38. Kf2 g5 39. Kf3 Kg7 40. e6 Rf5+ 41. Kg3 Rxe6 42. Rxe6 fxe6 43. Rxe6 a5 44. Re2 Kf7 45. Re3 Kg6 46. Rf3 Rc5 47. Rc3 Rf5 48. Rc2 Rb5 49. Kf3 Kf5 50. g4+ hxg4+ 51. hxg4+ Ke5 52. Ke3 Kd5 53. b3 Rb4 54. Rd2+ Ke5 55. Rg2 Kd5 56. Rd2+ Ke5 1/2-1/2

[Event "VIE-chT"]
[Site "Ho Chi Minh City"]
[Date "2017.07.24"]
[Round "1.42"]
[White "Huynh, Hai Him"]
[Black "Pham, Viet Thien Phuoc"]
[Result "1-0"]
[WhiteElo "1887"]
[BlackElo "2004"]
[PlyCount "62"]
[EventDate "2017.07.24"]
[EventType "team-swiss"]
[EventRounds "9"]
[EventCountry "VIE"]
[SourceTitle "EXT 2019"]
[Source "ChessBase"]
[SourceDate "2018.10.10"]
[SourceVersion "1"]
[SourceVersionDate "2018.10.10"]
[SourceQuality "1"]

1. d4 Nf6 2. Nf3 d5 3. c4 e6 4. Nc3 Nbd7 5. Bg5 Be7 6. e3 0-0 7. Bd3 c5 8. cxd5 Nxd5 9. h4 cxd4 10. Nxd5 exd5 11. Nxd4 Bb4+ 12. Kf1 Qb6 13. Qh5 h6 14. Rh3 Ne5 15. Rg3 Kh8 16. Bf5 Qa6+ 17. Kg1 Bxf5 18. Nxf5 Qg6 19. Qxg6 fxg6 20. Be7 Rxf5 21. Bxb4 Nd3 22. Bc3 Kh7 23. f4 Rc8 24. Rd1 Nc5 25. Be5 Ne4 26. Rf3 Rc5 27. Rff1 Ra5 28. a3 Nf6 29. Rc1 Ne4 30. Rc7 Rc5 31. Rxg7+ Kh8 1-0

[Event "VIE-chT"]
[Site "Ho Chi Minh City"]
[Date "2017.07.24"]
[Round "2.46"]
[White "Pham, Viet Thien Phuoc"]
[Black "Vu, Hoang Gia Bao"]
[Result "0-1"]
[WhiteElo "2004"]
[BlackElo "2032"]
[PlyCount "179"]
[EventDate "2017.07.24"]
[EventType "team-swiss"]
[EventRounds "9"]
[EventCountry "VIE"]
[SourceTitle "EXT 2019"]
[Source "ChessBase"]
[SourceDate "2018.10.10"]
[SourceVersion "1"]
[SourceVersionDate "2018.10.10"]
[SourceQuality "1"]

1. e4 e5 2. Nf3 Nc6 3. Bb5 a6 4. Ba4 Nf6 5. 0-0 Be7 6. Re1 b5 7. Bb3 d6 8. c3 Bg4 9. d4 Bxf3 10. gxf3 Qc8 11. dxe5 dxe5 12. Re2 Na7 13. Bg5 Qh3 14. Re3 Rd8 15. Qf1 Qh5 16. Qg2 h6 17. Bxf6 gxf6 18. Qg4 Qg6 19. Qxg6 fxg6 20. a4 b4 21. Re2 Bc5 22. Rc2 Rh7 23. cxb4 Bxb4 24. Bd5 Rd6 25. Na3 c6 26. Bc4 a5 27. Be2 Rhd7 28. Nc4 Rd4 29. Kg2 Kd8 30. Kg3 Kc7 31. h3 Nc8 32. Rac1 Nd6 33. Nxd6 R7xd6 34. Bb5 c5 35. Be8 f5 36. exf5 gxf5 37. Bb5 Rg6+ 38. Kh2 Rf4 39. Be2 e4 40. Rc4 exf3 41. Bf1 Re4 42. Rxe4 fxe4 43. Rd1 Rg5 44. Kh1 h5 45. Kh2 h4 46. Kh1 Re5 47. Bb5 e3 48. fxe3 f2 49. Rd7+ Kc8 50. Rf7 Be1 51. Rf8+ Kc7 52. Rf7+ Kd6 53. Rg7 Rxe3 54. Rg6+ Ke5 55. Kg2 Rb3 56. Rg5+ Kd4 57. Rg4+ Ke5 58. Rg5+ Kf6 59. Rxc5 Rg3+ 60. Kh2 Rg1 61. Rc8 Ke7 62. Rc7+ Kf8 63. Rc8+ Kg7 64. Rc7+ Kg6 65. Rc6+ Kg5 66. Rc5+ Kf4 67. Rc6 Ke5 68. Rc5+ Ke4 69. Rc4+ Ke3 70. Rxh4 f1Q 71. Bxf1 Rxf1 72. Rh8 Rf2+ 73. Kg1 Rxb2 74. Re8+ Kd2 75. Kf1 Bg3 76. Rg8 Be5 77. Ra8 Bc3 78. Rd8+ Kc2 79. Rf8 Rb4 80. Rf2+ Kb3 81. Rh2 Rxa4 82. h4 Rf4+ 83. Ke2 a4 84. Rh1 a3 85. Ke3 Rf8 86. Rh2 a2 87. Rxa2 Kxa2 88. h5 Rh8 89. h6 Rxh6 90. Ke4 0-1